How to stay healthy with DSE (Record no. 72738)

MARC details
000 -LEADER
fixed length control field 01377cam a2200241 4500
001 - CONTROL NUMBER
control field ABS66704
008 - FIXED-LENGTH DATA ELEMENTS--GENERAL INFORMATION
fixed length control field 030523n2003 000 0 eng u
035 ## - SYSTEM CONTROL NUMBER
System control number (Sirsi) u122381
100 ## - MAIN ENTRY--PERSONAL NAME
Personal name Fidderman, H.
245 ## - TITLE STATEMENT
Title How to stay healthy with DSE
260 ## - PUBLICATION, DISTRIBUTION, ETC.
Date of publication, distribution, etc. 2003
490 ## - SERIES STATEMENT
Series statement Health and Safety Bulletin
Volume/sequential designation (318) May 2003, 9-16(8)
520 ## - SUMMARY, ETC.
Summary, etc. Reviews the HSE's revised advice on working with display screen equipment. "Work with display screen equipment : guidance on regulations" (L26) reflects the amendments to the Health and Safety (Display Screen Equipment) Regulations 1992 (DSE) published in 2002, the Health and Safety (Miscellaneous Amendments) Regulations 2002. L26 includes the developments in technology, knowledge and risk avoidance since 1992. Looks at the main health risks, who is affected, workstation analysis, minimum requirements, daily work routine, eyesight considerations and training. Tables. Copies of L26 (ISBN 0717625826) are available from HSE Books t +44 (0)1787 881165.
590 ## - LOCAL NOTE (RLIN)
Local note ABS
650 ## - SUBJECT ADDED ENTRY--TOPICAL TERM
Topical term or geographic name entry element HEALTH AND SAFETY (DISPLAY SCREEN EQUIPMENT) REGULATIONS 1992
650 ## - SUBJECT ADDED ENTRY--TOPICAL TERM
Topical term or geographic name entry element HEALTH AND SAFETY (MISCELLANEOUS AMENDMENTS) REGULATIONS 2002
650 ## - SUBJECT ADDED ENTRY--TOPICAL TERM
Topical term or geographic name entry element HEALTH AND SAFETY EXECUTIVE
650 ## - SUBJECT ADDED ENTRY--TOPICAL TERM
Topical term or geographic name entry element RISK AVOIDANCE
650 ## - SUBJECT ADDED ENTRY--TOPICAL TERM
Topical term or geographic name entry element DISPLAY SCREEN EQUIPMENT
650 ## - SUBJECT ADDED ENTRY--TOPICAL TERM
Topical term or geographic name entry element WORKSTATIONS
690 ## - LOCAL SUBJECT ADDED ENTRY--TOPICAL TERM (OCLC, RLIN)
Topical term or geographic name as entry element Health and safety
9 (RLIN) 6244
942 ## - ADDED ENTRY ELEMENTS (KOHA)
Suppress in OPAC 0
Holdings
Withdrawn status Lost status Source of classification or shelving scheme Damaged status Not for loan Home library Current library Shelving location Date acquired Total Checkouts Full call number Barcode Date last seen Copy number Price effective from Koha item type
    Dewey Decimal Classification     London London Journal article 23/05/2003   ABS66704 122381-1001 06/08/2019 1 06/08/2019 Journal article